[Event "Latin Cup-A 6th"]
[Site "Buenos Aires"]
[Date "2015.03.21"]
[Round "4"]
[White "Avila, Lucas"]
[Black "Palu, Andres"]
[Result "1-0"]
[WhiteElo "2205"]
[BlackElo "1995"]
[PlyCount "53"]
[EventDate "2015.03.19"]
[EventType "swiss"]
[EventRounds "9"]
[EventCountry "ARG"]
[SourceTitle "CBM 165 Extra"]
[Source "ChessBase"]
[SourceDate "2015.04.21"]
[SourceVersion "1"]
[SourceVersionDate "2015.04.21"]
[SourceQuality "1"]

1. e4 c5 2. Nf3 g6 3. d4 cxd4 4. Nxd4 Bg7 5. Be3 Nc6 6. Nc3 Nf6 7. Bc4 d6 8. f3 Bd7 9. Qd2 a5 10. 0-0 0-0 11. a4 Rc8 12. Bb3 Ne5 13. Nd5 Nxd5 14. exd5 Nc4 15. Bxc4 Rxc4 16. b3 Rc8 17. c4 Ra8 18. Rad1 Ra6 19. Rfe1 Re8 20. Bg5 f6 21. Bf4 Kf7 22. Re2 Ra8 23. Rde1 Ra6 24. Bh6 Bxh6 25. Qxh6 Kg8 26. Re4 g5 27. h4 1-0

[Event "Buenos Aires CC Argentino op"]
[Site "Buenos Aires"]
[Date "2014.05.14"]
[Round "7"]
[White "Paveto, Kevin"]
[Black "Avila, Lucas"]
[Result "1-0"]
[WhiteElo "2336"]
[BlackElo "2221"]
[PlyCount "47"]
[EventDate "2014.04.24"]
[EventType "swiss"]
[EventRounds "9"]
[EventCountry "ARG"]
[SourceTitle "EXT 2016"]
[Source "ChessBase"]
[SourceDate "2015.10.08"]
[SourceVersion "1"]
[SourceVersionDate "2015.10.08"]
[SourceQuality "1"]

1. e4 e5 2. Nf3 Qe7 3. Bc4 c6 4. Nc3 d6 5. a4 Bg4 6. h3 Bh5 7. d3 Nd7 8. a5 Bxf3 9. Qxf3 g6 10. g4 Ngf6 11. Be3 Nc5 12. b4 Ne6 13. a6 Bg7 14. h4 Nd4 15. Bxd4 exd4 16. g5 Nd7 17. axb7 Rb8 18. Ne2 Ne5 19. Qh3 Qxb7 20. Bb3 Qxb4+ 21. Kf1 Qd2 22. f4 Nxd3 23. Bxf7+ Kf8 24. cxd3 1-0

[Event "Buenos Aires CC Argentino op"]
[Site "Buenos Aires"]
[Date "2014.05.12"]
[Round "6"]
[White "Avila, Lucas"]
[Black "Fabrega, Enrique"]
[Result "1-0"]
[WhiteElo "2221"]
[BlackElo "2152"]
[PlyCount "73"]
[EventDate "2014.04.24"]
[EventType "swiss"]
[EventRounds "9"]
[EventCountry "ARG"]
[SourceTitle "EXT 2016"]
[Source "ChessBase"]
[SourceDate "2015.10.08"]
[SourceVersion "1"]
[SourceVersionDate "2015.10.08"]
[SourceQuality "1"]

1. e4 c6 2. d4 d5 3. e5 Bf5 4. Nf3 e6 5. Be2 Nd7 6. 0-0 c5 7. c4 Ne7 8. Nc3 cxd4 9. Nb5 Nc6 10. cxd5 exd5 11. Nfxd4 Be6 12. f4 g6 13. f5 gxf5 14. Nxe6 Qb6+ 15. Ned4 a6 16. Kh1 axb5 17. Nxb5 d4 18. Bf4 Ndxe5 19. Nxd4 0-0-0 20. Bxe5 Nxe5 21. Qc2+ Kb8 22. Nxf5 h5 23. Rad1 Rxd1 24. Rxd1 f6 25. Qe4 Qc7 26. h3 Bc5 27. Rc1 Qb6 28. a3 Bf2 29. Rf1 h4 30. Qf4 Bc5 31. b4 Bd6 32. Nxd6 Qxd6 33. Qxf6 Qxf6 34. Rxf6 Kc7 35. Re6 Nc6 36. Re4 Kd6 37. Kg1 1-0

[Event "Paraguay Gran Prix U2300 05"]
[Site "Paraguay"]
[Date "2013.06.03"]
[Round "5.1"]
[White "Avila, Lucas"]
[Black "Leon, Juan Carlos"]
[Result "1-0"]
[WhiteElo "2200"]
[BlackElo "2260"]
[PlyCount "63"]
[EventDate "2013.05.22"]
[EventType "swiss"]
[EventRounds "9"]
[EventCountry "ARG"]
[SourceTitle "EXT 2024"]
[Source "ChessBase"]
[SourceDate "2023.10.10"]
[SourceVersion "1"]
[SourceVersionDate "2023.10.10"]
[SourceQuality "1"]

1. e4 c5 2. Nf3 Nc6 3. d4 cxd4 4. Nxd4 e5 5. Nb5 a6 6. Nd6+ Bxd6 7. Qxd6 Qf6 8. Qd1 Qg6 9. Nc3 Nge7 10. h4 h5 11. Bg5 d6 12. Qd2 f6 13. Be3 f5 14. 0-0-0 f4 15. Bb6 Bd7 16. Bc4 Be6 17. Bxe6 Qxe6 18. Nd5 Kf7 19. Kb1 Qg6 20. Nc7 Rad8 21. Qd3 Rd7 22. Qh3 Qg4 23. Qb3+ Kf8 24. Ne6+ Ke8 25. Ng5 Rf8 26. f3 Qg3 27. Qc4 Nc8 28. Bg1 Qxg2 29. Rh2 Qg3 30. Qf1 N8e7 31. Rh3 Ng6 32. Bf2 1-0

[Event "Buenos Aires Duchamp Memorial op 4th"]
[Site "Buenos Aires"]
[Date "2012.10.30"]
[Round "8"]
[White "Avila, Lucas"]
[Black "Farias, Guillermo"]
[Result "1-0"]
[WhiteElo "2179"]
[BlackElo "1975"]
[PlyCount "75"]
[EventDate "2012.10.22"]
[EventType "swiss"]
[EventRounds "9"]
[EventCountry "ARG"]
[SourceTitle "EXT 2013"]
[Source "ChessBase"]
[SourceDate "2012.11.22"]
[SourceVersion "1"]
[SourceVersionDate "2012.11.22"]
[SourceQuality "1"]

1. e4 e5 2. Nf3 Nc6 3. Bb5 a6 4. Ba4 Nf6 5. 0-0 Be7 6. Re1 b5 7. Bb3 0-0 8. a4 b4 9. a5 d6 10. h3 h6 11. d3 Re8 12. Nbd2 Bf8 13. Nc4 Nd4 14. Nxd4 exd4 15. Bd2 d5 16. exd5 Rxe1+ 17. Qxe1 Bb7 18. Bxb4 Qxd5 19. f3 Re8 20. Qd2 Bxb4 21. Qxb4 Re2 22. Ne3 Qg5 23. Qxb7 Qxe3+ 24. Kh1 Qf2 25. Rg1 Qg3 26. Qc8+ Re8 27. Qxa6 Re1 28. Qc8+ Re8 29. Qf5 Re5 30. Qc8+ Re8 31. Qb7 Re1 32. a6 Rxg1+ 33. Kxg1 Qe1+ 34. Kh2 Qe5+ 35. f4 Qxf4+ 36. g3 Qd2+ 37. Qg2 Qa5 38. Qa8+ 1-0

[Event "Buenos Aires Duchamp Memorial op 4th"]
[Site "Buenos Aires"]
[Date "2012.10.28"]
[Round "6"]
[White "Garcia, Raimundo"]
[Black "Avila, Lucas"]
[Result "1-0"]
[WhiteElo "2325"]
[BlackElo "2179"]
[PlyCount "71"]
[EventDate "2012.10.22"]
[EventType "swiss"]
[EventRounds "9"]
[EventCountry "ARG"]
[SourceTitle "EXT 2013"]
[Source "ChessBase"]
[SourceDate "2012.11.22"]
[SourceVersion "1"]
[SourceVersionDate "2012.11.22"]
[SourceQuality "1"]

1. Nf3 Nf6 2. c4 e6 3. Nc3 d5 4. d4 Be7 5. Bg5 0-0 6. e3 Nbd7 7. Rc1 c6 8. Bd3 dxc4 9. Bxc4 Nd5 10. Bxe7 Qxe7 11. 0-0 Nxc3 12. Rxc3 e5 13. Qc2 exd4 14. exd4 Nb6 15. Bb3 Qf6 16. Rc5 g6 17. Qe4 Bd7 18. Re1 Rfe8 19. Re5 Kg7 20. h3 Rad8 21. Qc2 Qd6 22. Qe4 Qf6 23. Qe3 h6 24. Qc1 Rxe5 25. Nxe5 Be8 26. Ng4 Qg5 27. f4 Qh4 28. Kh2 Ra8 29. g3 Qd8 30. f5 Qg5 31. f6+ Kf8 32. Qd1 Bd7 33. Re7 Bxg4 34. Rxf7+ Kg8 35. hxg4 Kh8 36. Qe2 1-0

[Event "Buenos Aires Yael Torre Blanca-B"]
[Site "Buenos Aires"]
[Date "2012.07.??"]
[Round "9"]
[White "Converset, Juan Jose"]
[Black "Avila, Lucas"]
[Result "1-0"]
[WhiteElo "2228"]
[BlackElo "2178"]
[PlyCount "59"]
[EventDate "2012.07.21"]
[EventType "tourn"]
[EventRounds "9"]
[EventCountry "ARG"]
[SourceTitle "EXT 2024"]
[Source "ChessBase"]
[SourceDate "2023.10.10"]
[SourceVersion "1"]
[SourceVersionDate "2023.10.10"]
[SourceQuality "1"]

1. d4 Nf6 2. c4 g6 3. Nc3 Bg7 4. e4 d6 5. Nf3 0-0 6. Be2 e5 7. 0-0 Nc6 8. d5 Ne7 9. Ne1 Nd7 10. Bd2 f5 11. Rc1 Nf6 12. f3 Kh8 13. Nd3 c5 14. b4 cxb4 15. Nxb4 Qb6+ 16. c5 Qxc5+ 17. Kh1 Bd7 18. Qb3 Qb6 19. Qa3 Rfc8 20. Nd3 Ne8 21. Rb1 Qc7 22. Rfc1 Ng8 23. Nb5 Qb8 24. Rxc8 Bxc8 25. Bb4 Bf8 26. Nxe5 a5 27. Bc3 Ngf6 28. Qb2 Bg7 29. Nf7+ Kg8 30. Nfxd6 1-0

[Event "Buenos Aires Yael Torre Blanca-B"]
[Site "Buenos Aires"]
[Date "2012.07.??"]
[Round "1"]
[White "Fabian, Gaston"]
[Black "Avila, Lucas"]
[Result "1-0"]
[WhiteElo "2338"]
[BlackElo "2178"]
[PlyCount "55"]
[EventDate "2012.07.21"]
[EventType "tourn"]
[EventRounds "9"]
[EventCountry "ARG"]
[SourceTitle "EXT 2024"]
[Source "ChessBase"]
[SourceDate "2023.10.10"]
[SourceVersion "1"]
[SourceVersionDate "2023.10.10"]
[SourceQuality "1"]

1. d4 Nf6 2. c4 g6 3. Nc3 Bg7 4. e4 0-0 5. Nf3 d6 6. Be2 e5 7. 0-0 Nc6 8. d5 Ne7 9. b4 Ne8 10. Nd2 f5 11. c5 Nf6 12. a4 Bh6 13. f3 Be3+ 14. Kh1 dxc5 15. bxc5 Bxc5 16. Nc4 Bd4 17. Qb3 Kg7 18. Bb2 c5 19. Nb5 fxe4 20. Nxe5 Qxd5 21. Qxd5 Nexd5 22. Nxd4 cxd4 23. Bxd4 Nf4 24. Bc4 Be6 25. fxe4 Bxc4 26. Rxf4 Be6 27. Raf1 Rad8 28. Bc5 1-0

[Event "Buenos Aires Yael Torre Blanca-B"]
[Site "Buenos Aires"]
[Date "2012.07.??"]
[Round "7"]
[White "Saldano Dayer, Horacio"]
[Black "Avila, Lucas"]
[Result "1-0"]
[WhiteElo "2449"]
[BlackElo "2178"]
[PlyCount "57"]
[EventDate "2012.07.21"]
[EventType "tourn"]
[EventRounds "9"]
[EventCountry "ARG"]
[SourceTitle "EXT 2024"]
[Source "ChessBase"]
[SourceDate "2023.10.10"]
[SourceVersion "1"]
[SourceVersionDate "2023.10.10"]
[SourceQuality "1"]

1. c4 g6 2. Nc3 Bg7 3. g3 Nf6 4. Bg2 0-0 5. d4 d6 6. Nf3 Nbd7 7. 0-0 e5 8. Rb1 Re8 9. b4 Nb6 10. c5 exd4 11. Nxd4 dxc5 12. bxc5 Nbd5 13. Nxd5 Nxd5 14. Qb3 Nc3 15. Qxc3 Bxd4 16. Qc4 Be6 17. Qc2 Bd5 18. e4 Bc6 19. Rb4 a5 20. Rxd4 Qxd4 21. Bb2 Ba4 22. Qc1 Qb4 23. a3 Qb3 24. Bf6 Ra6 25. e5 Ree6 26. c6 Raxc6 27. Bxc6 Bxc6 28. Qh6 Rxf6 29. exf6 1-0

[Event "Buenos Aires-B"]
[Site "Buenos Aires"]
[Date "2012.02.09"]
[Round "6"]
[White "Avila, Lucas"]
[Black "Fell, Sebastian"]
[Result "0-1"]
[WhiteElo "2197"]
[BlackElo "2201"]
[PlyCount "124"]
[EventDate "2012.02.06"]
[EventType "tourn"]
[EventRounds "9"]
[EventCountry "ARG"]
[SourceTitle "EXT 2014"]
[Source "ChessBase"]
[SourceDate "2013.11.20"]
[SourceVersion "1"]
[SourceVersionDate "2013.11.20"]
[SourceQuality "1"]

1. e4 g6 2. d4 Bg7 3. Nf3 c5 4. d5 Nf6 5. Nc3 d6 6. Bb5+ Nfd7 7. a4 0-0 8. 0-0 Na6 9. Re1 Nc7 10. Bf1 a6 11. Nd2 Rb8 12. Nc4 Ne5 13. Na3 Bd7 14. h3 b5 15. axb5 axb5 16. f4 b4 17. fxe5 bxa3 18. bxa3 Bxe5 19. Bd2 f5 20. exf5 Bxf5 21. Rxe5 dxe5 22. Bc4 Ne8 23. d6+ e6 24. Bh6 Rf7 25. Nb5 Rbb7 26. Qd2 Qh4 27. Bf1 c4 28. Bg5 Qe4 29. Nc7 Nxd6 30. Qxd6 Rbxc7 31. c3 Rcd7 32. Qb4 Rb7 33. Qa4 Kg7 34. Qxc4 Qxc4 35. Bxc4 Rfc7 36. Ba6 Ra7 37. Bb5 Rxc3 38. a4 Bd3 39. Be3 Ra8 40. Bd7 Be4 41. Re1 Bc6 42. Bxe6 Rc2 43. Bf2 Rf8 44. Rf1 Bxa4 45. Bd5 Bc6 46. Bb3 Rb2 47. Bc4 Bb5 48. Bxb5 Rxb5 49. Re1 Rc8 50. Bg3 Kf6 51. Re2 Rc3 52. Be1 Rc1 53. Kf2 Rcb1 54. Bc3 Kf5 55. g4+ Ke6 56. Kg2 R1b3 57. Bd4 Kd6 58. Ba1 Ra5 59. Bb2 e4 60. Bg7 Kd5 61. Bf8 Rab5 62. Bg7 Rd3 0-1

[Event "Buenos Aires-B"]
[Site "Buenos Aires"]
[Date "2012.02.06"]
[Round "2"]
[White "Avila, Lucas"]
[Black "Preuss, Maximiliano"]
[Result "1/2-1/2"]
[WhiteElo "2197"]
[BlackElo "2186"]
[PlyCount "44"]
[EventDate "2012.02.06"]
[EventType "tourn"]
[EventRounds "9"]
[EventCountry "ARG"]
[SourceTitle "EXT 2014"]
[Source "ChessBase"]
[SourceDate "2013.11.20"]
[SourceVersion "1"]
[SourceVersionDate "2013.11.20"]
[SourceQuality "1"]

1. e4 c5 2. Nf3 d6 3. Bb5+ Bd7 4. Bxd7+ Qxd7 5. c4 Nc6 6. 0-0 Nf6 7. Nc3 g6 8. d3 Bg7 9. Rb1 0-0 10. a3 Ng4 11. Nd5 e6 12. Ne3 Nge5 13. b4 Nxf3+ 14. Qxf3 f5 15. Bb2 fxe4 16. Qxe4 Nd4 17. Bxd4 cxd4 18. Nc2 e5 19. b5 d5 20. Qxd5+ Qxd5 21. cxd5 Rfd8 22. Nb4 Bf8 1/2-1/2

[Event "Buenos Aires Bolivar op 4th"]
[Site "Buenos Aires"]
[Date "2011.06.20"]
[Round "6"]
[White "Avila, Lucas"]
[Black "Torella, Rodolfo"]
[Result "1-0"]
[WhiteElo "2095"]
[BlackElo "1984"]
[PlyCount "91"]
[EventDate "2011.06.13"]
[EventType "swiss"]
[EventRounds "9"]
[EventCountry "ARG"]
[SourceTitle "EXT 2014"]
[Source "ChessBase"]
[SourceDate "2013.11.20"]
[SourceVersion "1"]
[SourceVersionDate "2013.11.20"]
[SourceQuality "1"]

1. e4 c5 2. Nf3 Nc6 3. d4 cxd4 4. Nxd4 Nf6 5. Nc3 e5 6. Ndb5 d6 7. Bg5 a6 8. Bxf6 gxf6 9. Na3 b5 10. Nd5 f5 11. exf5 Bxf5 12. c3 Bg7 13. Nc2 0-0 14. Nce3 Be6 15. Bd3 f5 16. 0-0 Ne7 17. Nxe7+ Qxe7 18. Bxf5 Kh8 19. Qg4 Bg8 20. Qh3 Qb7 21. Be6 d5 22. Bxg8 Rxg8 23. Rad1 Rad8 24. Rd2 Rgf8 25. Rfd1 Qf7 26. Qf3 Qe6 27. Qg4 Qf7 28. a4 d4 29. Qe2 bxa4 30. Nc2 Qb3 31. cxd4 Qxb2 32. d5 a3 33. Ne3 Qb3 34. Rd3 Qb2 35. R3d2 Qb3 36. Qc4 Rb8 37. d6 Qxc4 38. Nxc4 Rb3 39. d7 Rd8 40. g3 Rb4 41. Nxa3 Rd4 42. Nc2 R8xd7 43. Nxd4 exd4 44. Ra2 d3 45. Rxa6 d2 46. Ra8+ 1-0